Foods That Were Invented by Accident - Statistics

General Stats
  • This quiz has been taken 41 times
  • The average score is 4 of 14
Answer Stats
Hint Answer % Correct
Created in 1896 when sugar accidentally spun into thin threads Cotton Candy
68%
Created when chocolate chips didn’t melt in dough Chocolate chip cookies
61%
Born when mold grew on cheese in a cave Blue cheese
58%
Came from a chef dropping salt into boiling potatoes and frying them thin Potato chips
53%
Mistake during cereal production created a crunchy breakfast classic Corn Flakes
34%
Dessert born when a baker spilled rum into cake batter Rum cake
29%
Child left sugary soda mixture with a stick outside overnight Popsicles
16%
Leftover dough fried instead of baked Donuts
13%
Sticky dessert discovered when someone left marshmallow, peanuts, and chocolate together Rocky Road
13%
A candy made when a machine for making popcorn coating malfunctioned Caramel corn
5%
Ice cream topping created when syrup crystallized unexpectedly Fudge
5%
Accidentally dropped peanuts into a batch of caramelized sugar Peanut brittle
5%
Chocolate + peanut butter combo from a happy kitchen accident Reese’s Peanut Butter Cups
5%
Popular snack created when puffed corn from animal feed machine got flavored Cheese puffs
0%
No matching quizzes found
Score Distribution
Percent of People with Each Score
Percentile by Number Answered
Your Score History
You have not taken this quiz